000
00303nim a22001217a 4500
005
20160209151529.0
008
160208b xxu||||| |||| 00| 0 spa d
041
_a
spa
100
_a
Taylor, John B
_9
2980
245
_a
Bussiness English
300
_a
1 CD-ROM
_e
Bussiness English (428.3 T238b)
942
_c
CD
999
_c
7620
_d
7620